Search the Library Catalogue
| 000 -LEADER | |
|---|---|
| fixed length control field | 01790nam a2200181Ia 4500 |
| 008 - FIXED-LENGTH DATA ELEMENTS--GENERAL INFORMATION | |
| fixed length control field | 260302s9999 xx 000 0 und d |
| 020 ## - INTERNATIONAL STANDARD BOOK NUMBER | |
| ISBN | 9781843768210 |
| 082 ## - DEWEY DECIMAL CLASSIFICATION NUMBER | |
| Classification number | 338.9 |
| Item number | COO |
| 100 ## - MAIN ENTRY--AUTHOR NAME | |
| Personal name | Cooke, Philip N. |
| 245 #0 - TITLE STATEMENT | |
| Title | Regional Economies as Knowledge Laboratories / |
| Statement of responsibility, etc | Cooke, Philip N.; Piccaluga, Andrea |
| 260 ## - PUBLICATION, DISTRIBUTION, ETC. (IMPRINT) | |
| Name of publisher | Edward Elgar Publishing, |
| Year of publication | 2004 |
| 300 ## - PHYSICAL DESCRIPTION | |
| Number of Pages | 280 pages |
| 520 ## - SUMMARY, ETC. | |
| Summary, etc | Today, the study of regions is central to academic analysis and policy deliberation on how to respond to the rise of the knowledge economy. Regional Economies as Knowledge Laboratories illustrates how newer types of regional analysis - utilising scientometrics, knowledge services measures and university networks, and concepts such as knowledge life cycles, experimental knowledge creation, and knowledge ethics - are leading to a perception that regional economies increasingly resemble knowledge laboratories. In addition to these measures and concepts, the book features case studies and assessments of policies implemented to facilitate regional engagement with the knowledge economy, and a critique of 'knowledge economy' as ideology. The importance of maintaining a balanced perspective in assessing the depth and reach of the role of knowledge in the market economy is also examined. Aiming to contribute to the better understanding of theories and practices associated with knowledge regions, this bookwill appeal to a wide ranging audience, including regional and industrial economists, innovation scientists, academics and practitioners with an interest in knowledge and management organisation, regional scientists, economic geographers, and economic sociologists. |
| 650 ## - SUBJECT ADDED ENTRY--TOPICAL TERM | |
| Topical Term | Business & Economics |
| 700 ## - ADDED ENTRY--PERSONAL NAME | |
| Personal name | Piccaluga, Andrea |
| 942 ## - ADDED ENTRY ELEMENTS (KOHA) | |
| Koha item type | English Books |
| Withdrawn status | Lost status | Damaged status | Not for loan | Home library | Current library | Shelving location | Date acquired | Full call number | Accession Number | Price effective from | Koha item type |
|---|---|---|---|---|---|---|---|---|---|---|---|
| Anna Centenary Library | Anna Centenary Library | 4TH FLOOR, A WING | 02.03.2026 | 338.9 COO | 343451 | 02.03.2026 | English Books |